000 01173nam0a2200337 4500
001 RU\NLR\bibl\1056
005 20260406131950.0
010 _a5-85571-115-3
_91000
021 _aRU
_b97-24910
_91027
035 _a(NLR Aleph) 000000989
090 _a1455
_c1455
100 _a19980515d1997 |||y0rusy50 ca
101 0 _arus
102 _aRU
105 _a|||||||||||||
200 1 _aЗа голубой мечтой
_eРыбац. рассказы
_fЮрий Хижняков
_g[Худож. В.К. Бутенко]
210 _aСаратов
_cСлово
_d1997
215 _a79 с.
_cил.
_d20
606 0 _aРыболовство
_xв художественной литературе
_91565551
_3RU\NLR\auth\66985322
686 _aШ6(2=Р)75-440.5
686 _aШ6(2=Р)75-94
700 1 _4070
_8rus
_7ca
_aОлди
_bГ. Л.
_gГенри Лайон
_3RU\NLR\auth\771662
_9111682
801 0 _aRU
_bNLR
_c19980515
_gPSBO
801 1 _aRU
_bNLR
_c19980515
830 _aАвт. раскрыт по кн.
852 _aNLR
_j97-4/10432
942 _cBOOK
980 _aNB